00238 a2200121 4500001000700000020000600007040001100013100001600024240003200040245002700072300000800099362000900107182797 a  cMagnum aMalba Tahan10aNovas lendas orientaislpor10aNovas lendas orientais a2200 a1965